Southville International School and Colleges
Your cart is empty.
  • Cart
  • Lists
    Public lists Eva Luna New books Lux_list list_1
    Your lists Log in to create your own lists
  • Log in to your account
  • Your cookies
  • Search history
Southville International School and Colleges
  • Advanced search
  • Recent comments
  • Most popular
  • Libraries

Log in to your account

Log in with GOOGLE


If you do not have an external account, but do have a local account, you can still log in:

  1. Home
  2. MARC view: Lost films of Asia /
Normal view MARC view ISBD view

Lost films of Asia / (Record no. 23510)

[ view plain ]
MARC details
000 -LEADER
fixed length control field 00483nam a2200181 a 4500
005 - DATE AND TIME OF LATEST TRANSACTION
control field 20140310183453.0
008 - FIXED-LENGTH DATA ELEMENTS--GENERAL INFORMATION
fixed length control field 090807s19uu xx 00 eng d
020 ## - INTERNATIONAL STANDARD BOOK NUMBER
International Standard Book Number 9789712718618
050 ## - LIBRARY OF CONGRESS CALL NUMBER
Classification number PN 1995.9.A78
Item number .L899 2006
245 ## - TITLE STATEMENT
Title Lost films of Asia /
Statement of responsibility, etc edited by Nick Deocampo.
260 ## - PUBLICATION, DISTRIBUTION, ETC. (IMPRINT)
Place of publication, distribution, etc Manila :
Name of publisher, distributor, etc Philippines,
Date of publication, distribution, etc 2006.
300 ## - PHYSICAL DESCRIPTION
Extent 104 p. :
Other physical details ill. ;
Dimensions 23 cm.
521 ## - TARGET AUDIENCE NOTE
Target audience note
650 ## - SUBJECT ADDED ENTRY--TOPICAL TERM
Topical term or geographic name as entry element Films.
650 ## - SUBJECT ADDED ENTRY--TOPICAL TERM
Topical term or geographic name as entry element Films
General subdivision Asia.
942 ## - ADDED ENTRY ELEMENTS (KOHA)
Koha item type Books
Source of classification or shelving scheme Library of Congress Classification
Call number prefix Local
Holdings
Withdrawn status Lost status Source of classification or shelving scheme Damaged status Home library Current library Shelving location Date acquired Source of acquisition Total Checkouts Full call number Barcode Date last seen Copy number Price effective from Koha item type
    Library of Congress Classification   College Library College Library General Circulation Section 11/13/2013     PN 1995.9.A78 .L899 2006 C10382 05/15/2018 1 10/18/2013 Books

Lost films of Asia /

APA

(2006). Lost films of Asia. Manila: Philippines.

Chicago

2006. Lost films of Asia. Manila: Philippines.

Harvard

(2006). Lost films of Asia. Manila: Philippines.

MLA

Lost films of Asia. Manila: Philippines. 2006.

  • Place hold
  • Print
  • Cite
  • Add to your cart (remove)
  • Save record
    BIBTEX Dublin Core MARCXML MARC (non-Unicode/MARC-8) MARC (Unicode/UTF-8) MARC (Unicode/UTF-8, Standard) MODS (XML) RIS
  • More searches
    Search for this title in:
    Other Libraries (WorldCat) Other Databases (Google Scholar) Online Stores (Bookfinder.com) Open Library (openlibrary.org)

Exporting to Dublin Core...

SOUTHVILLE LIBRARY

Southville International School and Colleges Library

1281 Tropical Ave. Cor. Luxembourg St., BF Homes International, Las Pinas City

Tel. No. 8256374 / 252358 Loc. 117/146

Powered by Koha